000 00363 a2200169 4500
001 57208
020 _a8516050440
040 _cAnchieta - Pituba
100 _aPrieto, Heloisa
240 1 0 _aO imperador amarelo
_lpor
245 1 0 _aO imperador amarelo
300 _a110
362 0 _a2006
440 1 _aModerna
650 4 _aLiteratura juvenil
942 _cBK
999 _c57208
_d57208